| 000 | 00624 a2200229 4500 | ||
|---|---|---|---|
| 005 | 20260414112223.0 | ||
| 008 | 260413b |||||||| |||| 00| 0 eng d | ||
| 020 |
_a9789354426049 _cRs. 925.00 |
||
| 040 | _aMAIN | ||
| 082 |
_a305.409554 _bM896B |
||
| 100 | _aMukhopadhyay, Raktima | ||
| 245 | _aBecoming a farmer: Women in rural West Bengal, India | ||
| 260 |
_bOrient BlackSwan _c2023 _aHyderabad |
||
| 300 | _axviii, 230 | ||
| 650 | _aSociology | ||
| 650 | _aSocial Groups | ||
| 650 | _aWomen | ||
| 650 | _aIndia- West Bengal | ||
| 700 | _aPattnaik, Itishree | ||
| 700 | _aDutt, Kuntala Lahiri | ||
| 942 | _cBK | ||
| 999 |
_c394695 _d394695 |
||